00583nam a2200121Ia 4500008004100000020001800041100006900059245018900128260002700317650000800344650006700352856004200419171212s9999 xx 000 0 und d a9780833048905 aDavis, Robert C.;Anderson, James M.;Whitman, Julie;Howley, Susan cDavis, Robert C.;Anderson, James M.;Whitman, Julie;Howley, SusanaSecuring Rights for VictimsbA Process Evaluation of the National Crime Victim Law Institute's Victims' Rights Clinics bRAND Corporationc2009 aLaw aVictims of crimes -- Legal status, laws, etc. -- United States uwww.jstor.org/stable/10.7249/mg930nij